中国所有地铁终点站大挑战 Chinese Metro's Terminal Stations - Statistics

General Stats
  • This quiz has been taken 229 times
    156 since last reset
  • The average score is 114 of 574
Answer Stats
Hint Answer1 % Correct
呼和浩特1东 坝堰(机场)
86%
北京1西 古城
69%
温州S1东 机场
65%
北京大兴机场南 大兴机场
63%
北京1东 | 北京7东 环球度假区
62%
北京S1东 苹果园
60%
北京4北 安河桥北
59%
上海11南 | 香港迪士尼东 迪士尼
58%
北京13东 东直门
56%
北京13西 西直门
56%
上海11北 花桥|嘉定北
56%
上海2东 浦东国际机场
54%
北京5北 天通苑北
53%
苏州11东 花桥
53%
广州3北 机场北(2号航站楼)|天河客运站
53%
上海1南 | 上海5北 莘庄
52%
上海10西 虹桥火车站|航中路
50%
上海16西 龙阳路
50%
上海17东 虹桥火车站
50%
南京S1北 | 南京S3东 南京南站
50%
上海16东 滴水湖
49%
北京7西 北京西站
48%
北京大兴机场北 草桥
48%
佛山2东 | 广州2南 广州南站
47%
北京6西 金安桥
46%
北京9北 国家图书馆
46%
北京燕房西 | 广州7东 燕山
46%
广州14西 | 广州2北 嘉禾望岗
46%
北京4南 天宫院
45%
北京5南 | 北京亦庄北 宋家庄
45%
北京8南 瀛海
44%
北京15西 清华东路西口
44%
上海2西 徐泾东
44%
深圳1东 罗湖
44%
香港东铁北 罗湖|落马洲
44%
北京6东 潞城
43%
北京8北 朱辛庄
43%
上海9西 松江南站
42%
广州22南 | 广州3南 番禺广场
42%
杭州1东 萧山国际机场
41%
深圳20南 机场北
41%
北京11北 模式口
40%
北京15东 俸伯
40%
北京亦庄南 亦庄火车站
40%
北京首都机场南 北新桥
40%
上海3南 上海南站
40%
北京昌平北 昌平西山口
39%
上海5南 闵行开发区|奉贤新城
39%
上海9东 曹路
39%
上海3北 江杨北路
38%
上海7南 花木路
38%
上海8南 沈杜公路
38%
南京S9南 高淳
38%
武汉4东 武汉火车站
38%
武汉4西 柏林
38%
北京17北南 工人体育场
37%
南京1北 八卦洲大桥南
37%
广州1南 西塱
37%
深圳1西 机场东
37%
深圳11东 | 深圳14西 岗厦北
37%
北京9南 郭公庄
36%
北京14北 善各庄
36%
天津9西 天津站
36%
上海6南 东方体育中心
36%
深圳10南 | 深圳4南 福田口岸
36%
北京11南 新首钢
35%
北京17北北 未来科学城北
35%
北京19南 新宫
35%
北京19北 牡丹园
35%
上海1北 富锦路
35%
上海7北 美兰湖
35%
上海10东 基隆路
35%
上海17西 东方绿舟
35%
上海18南 航头
35%
南京1南 中国药科大学
35%
南京2西 鱼嘴
35%
南京3北 林场
35%
南京S1南 | 南京S7北 空港新城江宁
35%
武汉2北 天河机场
35%
武汉5北 武汉站东广场
35%
广州1北 广州东站
35%
北京16南 宛平城
34%
北京房山南 | 北京燕房东 阎村东
34%
上海15南 紫竹高新区
34%
武汉19北 武汉站西广场
34%
重庆1东 朝天门
34%
北京昌平南 西土城
33%
上海8北 市光路
33%
上海15北 顾村公园
33%
南京2东 经天路
33%
北京首都机场北 2号航站楼|3号航站楼
33%
北京14南 张郭庄
32%
南京10东 安德门
32%
南京S6东 句容
32%
北京17南南 嘉会湖
31%
北京17南北 十里河
31%
天津2东 滨海国际机场
31%
天津3南 南站
31%
上海6北 港城路
31%
上海12北 | 宁波3南 金海路
31%
上海14西 封浜
31%
上海18北 长江南路
31%
南京S7南 无想山
31%
杭州5东 | 绍兴1北 姑娘桥
31%
青岛3北 | 青岛8南 青岛北站
31%
广州7西 美的大道
31%
广州14东 东风|镇龙
31%
广州18南 万顷沙
31%
广州21东 增城广场
31%
西安4北 西安北站
31%
南京S9北 翔宇路南
30%
成都19北 | 杭州5西 金星
30%
广州4南 南沙客运港
30%
广州6东 香雪
30%
成都1北 韦家碾
30%
成都18北 火车南站
30%
北京房山北 东管头南
29%
南京3南 秣周东路
29%
南京S8北 金牛湖
29%
北京S1西 石厂
28%
南京S6西 马群
28%
深圳2/8东 小梅沙
28%
成都2西 犀浦
28%
香港东涌南 | 香港机场快东 香港
28%
大连3南 大连站
27%
上海12南 七莘路
27%
上海13东 张江路
27%
无锡2东 无锡东站
27%
杭州1西 湘湖
27%
武汉2南 佛祖岭
27%
广州18北 冼村
27%
广州21西 员村
27%
香港东铁南 | 香港南港岛北 金钟
27%
北京16北 北安河
26%
杭州19西 火车西站
26%
广州8东 万胜围
26%
深圳11西 碧头
26%
重庆2南 | 重庆3南 鱼洞
26%
香港观塘西 黄埔
26%
天津9东 东海路
25%
上海14东 桂桥路
25%
南京4东 仙林湖
25%
青岛3南 青岛站
25%
武汉11西 武汉东站
25%
广州4北 黄村
25%
西安1东 | 西安6东 | 西安9西 纺织城
25%
长沙6东 黄花机场T1T2
25%
宁滁西 滁州高铁站
24%
无锡S1北 江阴外滩
24%
苏州3西 苏州新区火车站
24%
苏州4南 木里|同里
24%
武汉1北 汉口北
24%
武汉8南 军运村
24%
广州6西 浔峰岗
24%
深圳2/8西 | 深圳5西 赤湾
24%
东莞2西 虎门火车站
24%
重庆2北 较场口
24%
天津1北 刘园
23%
大连2西 大连北站
23%
哈尔滨1南 新疆大街
23%
哈尔滨1北 哈尔滨东站
23%
上海13西 金运路
23%
南京4西 龙江
23%
无锡3南 硕放机场
23%
苏州2南 桑田岛
23%
苏州11西 | 苏州3东 唯亭
23%
杭州6东 枸桔弄
23%
济南1北 方特
23%
武汉7南 青龙山地铁小镇
23%
长沙1北 开福区政府
23%
广州5西 滘口
23%
广州9东 高增
23%
广州13西 鱼珠
23%
重庆1西 璧山
23%
昆明1南 大学城南|昆明南火车站
23%
香港东涌北 东涌
23%
香港屯门西 屯门
23%
香港迪士尼西 欣澳
23%
西安14西 机场西(T1/T2/T3)
23%
南京S8南 长江大桥北
22%
徐州1东 徐州东站
22%
苏州5东 阳澄湖南
22%
杭州7西 吴山广场
22%
杭海西 临平南高铁站
22%
郑许南 许昌东站
22%
广州9西 飞鹅岭
22%
乌鲁木齐1北 国际机场
22%
香港荃湾北 荃湾
22%
香港机场快西 博览馆
22%
天津3北 小淀
21%
天津4西 东南角
21%
南京10西 雨山路
21%
南京S3西 高家冲
21%
苏州1西 木渎
21%
杭州3西 石马|吴山前村
21%
杭州10南 黄龙体育中心
21%
武汉11东 葛店南站
21%
广州5东 黄埔新港
21%
广州8西 滘心
21%
深圳7西 西丽湖
21%
广佛东 沥滘
21%
西安1西 咸阳西站
21%
长春3北 伪满皇宫
20%
苏州2北 骑河
20%
苏州5西 太湖香山
20%
杭州6西 双浦|桂花西路
20%
杭海东 浙大国际校区
20%
厦门1南 镇海路
20%
长沙2东 光达
20%
长沙2西 梅溪湖西
20%
深圳3西 福保
20%
深圳6支南 光明
20%
深圳10北 双拥街
20%
南宁1东 火车东站
20%
天津2西 曹庄
19%
沈阳2南 桃仙机场
19%
大连2东 海之韵
19%
大连12西 旅顺新港
19%
大连13北 普兰店振兴街
19%
南京7南南 西善桥
19%
南京7北南 幕府西路
19%
宁滁东 汊河
19%
无锡1北 | 无锡S1南 堰桥
19%
南通2北 幸福
19%
杭州2北 良渚
19%
杭州16东 绿汀路
19%
宁波2南 栎社国际机场
19%
厦门3西 厦门火车站
19%
青岛13南 董家口火车站
19%
武汉3北 宏图大道
19%
武汉6南 东风公司
19%
西环南 湘潭北站
19%
广州22北 陈头岗
19%
深圳3东 双龙
19%
深圳5东 黄贝岭
19%
深圳16西 大运
19%
广佛西 新城东
19%
佛山3南 顺德学院站
19%
东莞2东 东莞火车站
19%
成都18南 | 成都19南 天府机场北
19%
香港荃湾南 中环
19%
重庆3北 举人坝|江北机场T2航站楼
19%
长春3南 长影世纪城
18%
长春4北 长春站北
18%
青岛8北 胶州北站
18%
郑州1西 河南工业大学
18%
郑州城郊南 郑州航空港
18%
重庆6北 沙河坝|北碚
18%
成都1南 科学城|五根松
18%
成都3南 双流西站
18%
香港南港岛南 海怡半岛
18%
呼和浩特1西 伊利健康谷
17%
大连12东 | 大连1南 河口
17%
哈尔滨2南 气象台
17%
哈尔滨2北 江北大学城
17%
苏州1东 钟南街
17%
杭州2南 朝阳
17%
郑州1东 河南大学新区
17%
武汉7北 横店
17%
重庆5南 | 重庆江跳北 跳磴
17%
成都2东 龙泉驿
17%
西安9东 秦陵西
17%
香港港岛西 坚尼地城
17%
大连3北 九里|金石湾
16%
大连13南 九里
16%
哈尔滨3南 体育公园
16%
无锡1南 南方泉
16%
武汉1南 径河
16%
深圳6南 科学馆
16%
深圳6北 松岗
16%
深圳12南 左炮台东
16%
成都17东 机投桥
16%
兰州2西 东方红广场
16%
天津5南 李七庄南
15%
天津5北 北辰科技园北
15%
天津10北 屿东城
15%
南京7南北 应天大街
15%
南京7北北 仙新路
15%
常州1北 森林公园
15%
苏州4北 龙道浜
15%
杭州3东 星桥
15%
杭州4南 浦沿
15%
杭州8西 文海南路
15%
杭州9南 观音塘
15%
杭州16西 九州街
15%
杭州19东 永盛路
15%
芜湖2西 鸠兹广场
15%
厦门2东 五缘湾
15%
郑州2南 | 郑州城郊北 南四环
15%
郑州10东 郑州火车站
15%
武汉16南 通航机场
15%
长沙1南 尚双塘
15%
广州13东 新沙
15%
深圳12北 海上田园东
15%
天津6北 南孙庄
14%
哈尔滨3北 北马路
14%
无锡2西 梅园开原寺
14%
杭州4北 池华街
14%
杭州7东 江东二路
14%
金华金义东西 凌云|金华站
14%
厦门1北 岩内
14%
郑州10西 郑州西站
14%
郑州14北 铁炉
14%
武汉3南 沌阳大道
14%
深圳4北 牛湖
14%
深圳7东 太安
14%
深圳14东 沙田
14%
深圳16东 田心
14%
香港屯马东 乌溪沙
14%
天津1南 东沽路
13%
天津6南 咸水沽西
13%
天津11东 东丽六经路
13%
长春1南 红嘴子
13%
长春1北 | 长春8南 北环城路
13%
南通2南 先锋
13%
武汉16北 国博中心南
13%
长沙4西 罐子岭
13%
深圳9东 文锦
13%
重庆4南 民安大道
13%
重庆10南 兰花路
13%
成都6北 望丛祠
13%
昆明1北 | 昆明2南 环城南路
13%
昆明6东 机场中心
13%
西安2北 草滩
13%
香港港岛东 柴湾
13%
香港将军澳东 康城|宝琳
13%
香港将军澳西 北角
13%
澳门氹仔西 妈阁
13%
台北中和新芦北 芦洲|回龙
13%
沈阳10北 丁香湖
12%
无锡4北 刘潭
12%
常州1南 南夏墅
12%
绍兴1南 芳泉
12%
济南3南 龙洞
12%
武汉5南 红霞
12%
武汉8北 金潭路
12%
长沙3北 广生
12%
深圳6支北 深理工
12%
深圳9西 前湾
12%
西安2南 常宁宫
12%
西安5东 马腾空
12%
澳门氹仔东 氹仔码头
12%
太原2北 尖草坪
11%
杭州9北 龙安
11%
绍兴2西 镜湖医院
11%
金华金义东东 明清宫
11%
青岛4西 人民会堂
11%
长沙4东 杜家坪
11%
佛山3北 镇安
11%
重庆18南 跳磴南
11%
成都3北 成都医学院
11%
成都5南 回龙
11%
成都10北 太平园
11%
成都17西 九江北
11%
昆明4南 昆明南火车站
11%
西安3南 鱼化寨
11%
香港观塘东 调景岭
11%
天津4东 新兴村
10%
沈阳10南 张沙布
10%
大连1北 姚家
10%
大连5南 虎滩新区
10%
长春2西 汽车公园
10%
无锡3北 苏庙
10%
无锡4南 博览中心
10%
常州2东 五一路
10%
杭州10北 逸盛路
10%
南昌4南 | 芜湖1南 白马山
10%
福州1南 三江口
10%
福州4南 帝封江
10%
福州5南 福州火车南站
10%
厦门2西 天竺山
10%
厦门3东 蔡厝
10%
青岛2东 李村公园
10%
青岛13北 嘉陵江西路
10%
郑许北 长安路北
10%
武汉6北 新城十一路
10%
西环北 | 长沙3南 山塘
10%
深圳20北 会展城
10%
佛山2西 南庄
10%
重庆6南 茶园
10%
重庆10北 王家庄
10%
成都6南 兰家沟
10%
昆明2北 北部汽车站
10%
昆明3东 东部汽车站
10%
西安3北 保税区
10%
西安4南 航天新城
10%
西安16南 诗经里
10%
台北松山新店北 松山
10%
天津10南 于台
9%
沈阳1西 十三号街
9%
南通1南 振兴路
9%
宁波1西 高桥西
9%
宁波4南 东钱湖
9%
宁波4北 慈城
9%
台州S1北 台州火车站
9%
济南2西 王府庄
9%
青岛2西 泰山路
9%
青岛11南 苗岭路
9%
青岛11北 钱谷山
9%
郑州2北 贾河
9%
郑州3北 省体育中心
9%
郑州6北 常庄
9%
成都8南 莲花
9%
西安5西 创新港
9%
台北淡水信义北 淡水
9%
沈阳2北 蒲田路
8%
常州2西 青枫公园
8%
南通1北 平潮
8%
杭州8东 新湾路
8%
绍兴2东 檀渎
8%
南昌1东 瑶湖西
8%
济南1南 工研院
8%
青岛4东 大河东
8%
郑州14南 莲湖
8%
武汉19南 新月溪公园
8%
武汉21东 金台
8%
武汉21西 后湖大道
8%
长沙5南 毛竹塘
8%
成都9南 金融城东
8%
成都9北 黄田坝
8%
西安6西 西安国际医学中心
8%
西安14东 贺韶
8%
兰州2东 雁白大桥
8%
天津11西 东江道
7%
沈阳1东 黎明广场
7%
大连5北 后关
7%
宁波2北 红联
7%
合肥5南 贵阳路
7%
福州1北 象峰
7%
南昌2南 南路
7%
南昌3北 京东大道
7%
青岛1南 王家港
7%
青岛1北 东郭庄
7%
郑州4北 老鸦陈
7%
郑州6南 贾峪
7%
洛阳1西 红山
7%
长沙6西 谢家桥
7%
重庆5北 悦港北路
7%
成都4东 西河
7%
成都4西 万盛
7%
台北文湖南 动物园
7%
石家庄1东 福泽
6%
石家庄1西 西王
6%
石家庄2南 嘉华路
6%
石家庄2北 柳辛庄
6%
太原2南 西桥
6%
呼和浩特2南 阿尔山路
6%
呼和浩特2北 塔利东路
6%
沈阳4北 正新路
6%
沈阳9南 建筑大学
6%
沈阳9北 怒江公园
6%
长春2东 东方广场
6%
长春4南 天新路
6%
长春8北 广通路
6%
徐州1西 路窝
6%
徐州2北 客运北站
6%
徐州3南 高新区南
6%
徐州3北 下淀
6%
宁波1东 霞浦
6%
宁波3北 大通桥
6%
合肥1北 张洼
6%
合肥2西 南岗
6%
芜湖1北 保顺路
6%
福州2东 洋里
6%
福州2西 苏洋
6%
福州5北 荆溪厚屿
6%
福州6东 万寿
6%
南昌1西 双港
6%
南昌3南 银三角北
6%
济南2东 彭家庄
6%
济南3北 滩头
6%
郑州3南 滨河新城南
6%
郑州4南 郎庄
6%
郑州12北 龙子湖东
6%
长沙5北 水渡河
6%
重庆9东 花石沟
6%
成都5北 华桂路
6%
成都8北 十里店
6%
昆明6西 塘子巷
6%
西安16北 秦创原中心
6%
兰州1西 陈官营
6%
台北文湖北 | 台北板南北 南港展览馆
6%
台北淡水信义南 象山
6%
台北松山新店南 新店
6%
石家庄3东 乐乡
5%
沈阳4南 创新路
5%
台州S1南 城南
5%
南昌4北 鱼尾洲
5%
郑州12南 梁湖
5%
重庆4北 黄岭
5%
重庆9西 高滩岩
5%
重庆18北 富华路
5%
成都10南 新平
5%
贵阳1南 小孟工业园
5%
贵阳1北 窦官
5%
贵阳3南 桐木岭(省委党校)
5%
昆明3西 西山公园
5%
昆明5北 世博园
5%
乌鲁木齐1南 三屯碑
5%
徐州2南 新城区东
4%
温州S1西 桐岭
4%
合肥1南 九联圩
4%
合肥3东 相城路
4%
福州4北 凤凰池
4%
福州6西 潘墩
4%
洛阳2南 八里堂
4%
南宁1西 石埠
4%
南宁4东 楞塘村
4%
兰州1东 东岗
4%
宁波5南 布政
3%
宁波5北 兴庄路
3%
温州S2南 东山
3%
温州S2北 清东路
3%
合肥2东 撮镇
3%
合肥4东 综保区
3%
合肥5北 汲桥路
3%
芜湖2东 万春湖路
3%
南昌2北 辛家庵
3%
洛阳1东 杨湾
3%
洛阳2北 二乔路
3%
昆明5南 宝丰
3%
石家庄3西 西三庄
2%
合肥4西 青龙岗
2%
南宁2南 坛泽
2%
南宁2北 西津
2%
南宁3南 平良立交
2%
南宁3北 科园大道
2%
南宁5南 国凯大道
2%
南宁5北 金桥客运站
2%
重庆江跳南 江津高铁
2%
贵阳2南 中兴路
2%
贵阳3北 洛湾
2%
昆明4北 金川路
2%
台北中和新芦南 南势角
2%
台北板南南 顶埔
2%
台北环东 大坪林
2%
台北环西 新北产业园区
2%
合肥3西 省儿童医院新区
1%
南宁4西 洪运路
1%
贵阳2北 白云路北
1%
No matching quizzes found
Score Distribution
Percent of People with Each Score
Percentile by Number Answered
Your Score History
You have not taken this quiz since the last reset